Pohybová aktivita ako prevencia na zlepšenie a udržanie zdravia seniorov : (vedecká monografia) /
Uložené v:
| Hlavný autor: | |
|---|---|
| Médium: | Kniha |
| Jazyk: | Slovak |
| Vydané: |
Trnava :
Univerzita sv. Cyrila a Metoda,
2021.
|
| Témy: | |
| ISBN: |
9788057201267 |
| Fyzický popis: |
118 strán : garfy, tabuľky ; 21 cm. |
| Tagy: |
Pridať tag
Žiadne tagy, Buďte prvý kto otaguje tento záznam!
|
Titul je dostupný aj v ... 

MARC
| LEADER | 00000nam a2200000 i 4500 | ||
|---|---|---|---|
| 001 | 000367259 | ||
| 005 | 20220314110429.0 | ||
| 008 | 101203s2021 xo dl e 001 0 slo d | ||
| 020 | |a 9788057201267 |q (brožované) | ||
| 040 | |a SVKKK |b slo |c SVKKK |e rda | ||
| 041 | 0 | |a slo |b eng | |
| 044 | |a xo |c SK | ||
| 072 | 7 | |a 613.7 |x Zdravie a hygiena voľného času, rekreácie a spánku |2 konspekt | |
| 080 | |a 613.71/.73 |2 2011 | ||
| 080 | |a 316.728-021.465 |2 2011 | ||
| 080 | |a 613/614 |2 2011 | ||
| 080 | |a 316.346.32-053.9 |2 2011 | ||
| 080 | |a 316.728-026.12-053.9 |2 2011 | ||
| 080 | |a 613 |2 2011 | ||
| 080 | |a (048.8) |2 2011 | ||
| 100 | 1 | |a Petríková Rosinová, Iveta |4 aut | |
| 245 | 1 | 0 | |a Pohybová aktivita ako prevencia na zlepšenie a udržanie zdravia seniorov : |b (vedecká monografia) / |c Iveta Petríková Rosinová. |
| 264 | 1 | |a Trnava : |b Univerzita sv. Cyrila a Metoda, |c 2021. | |
| 300 | |a 118 strán : |b garfy, tabuľky ; |c 21 cm. | ||
| 336 | |a text |b txt |2 rdacontent | ||
| 337 | |a bez média |b n |2 rdamedia | ||
| 338 | |a zväzok |b nc |2 rdacarrier | ||
| 366 | |e 110 kusov | ||
| 504 | |a Obsahuje bibliografiu a registre | ||
| 546 | |a Anglické resumé | ||
| 650 | 0 | 7 | |a pohybová aktivita |2 SVKKKPH |
| 650 | 0 | 7 | |a kvalita života |2 SVKKKPH |
| 650 | 0 | 7 | |a zdravie |2 SVKKKPH |
| 650 | 0 | 7 | |a seniori |2 SVKKKPH |
| 650 | 0 | 7 | |a aktívne starnutie |2 SVKKKPH |
| 650 | 0 | 7 | |a zdravý životný štýl |2 SVKKKPH |
| 650 | 0 | 7 | |a movement activity |2 SVKKKPHeng |
| 650 | 0 | 7 | |a quality of life |2 SVKKKPHeng |
| 650 | 0 | 7 | |a health |2 SVKKKPHeng |
| 650 | 0 | 7 | |a older people |2 SVKKKPHeng |
| 650 | 0 | 7 | |a active aging |2 SVKKKPHeng |
| 650 | 0 | 7 | |a healthy lifestyle |2 SVKKKPHeng |
| 655 | 7 | |a monografie |2 SVKKKPH | |
| 655 | 7 | |a monographs |2 SVKKKPHeng | |
| 910 | |a svkkk | ||
| 919 | |a 978-80-572-0126-7 | ||
| 998 | |a BK | ||
| 090 | |g SCKHL |k Sklad Hlavná 10 prízemie |a III.251803 |j 1114792 |i 2720830285 |s Povinný výt. | ||